000
00279nam a2200109Ia 4500
008
190914s9999||||xx |||||||||||||| ||und||
100
_a
R. Panneerselvam
245
0
_a
Production and Operations Management
260
_a
New Jersey
_b
Thomson South
_c
1999
300
_a
480
942
_c
BK
999
_c
9484
_d
9484